Normal view
MARC view
- بدوي، محمد عباس / عبدالوهاب نصر علي
Entry Personal Name
001 - CONTROL NUMBER
- control field: 33842
003 - CONTROL NUMBER IDENTIFIER
- control field: JO-AjAnu
005 - DATE AND TIME OF LATEST TRANSACTION
- control field: 20230606075656.0
008 - FIXED-LENGTH DATA ELEMENTS
- fixed length control field: 230606|| aca||aabn | a|a d
040 ## - CATALOGING SOURCE
- Original cataloging agency: JO-AjAnu
- Transcribing agency: JO-AjAnu
100 ## - HEADING--PERSONAL NAME
- Personal name: بدوي، محمد عباس / عبدالوهاب نصر علي
670 ## - SOURCE DATA FOUND
- Source citation: Work cat.: (JO-AjAnu)17383: بدوي، محمد عباس / عبدالوهاب نصر علي, author, المحاسبة المالية: مدخل نظم المعلومات، ج1